000 02473nam a2200385 i 4500
001 ebr10806019
003 CaPaEBR
006 m o d
007 cr cn|||||||||
008 110324t20122012njua ob 000 0 eng|d
020 _z9781556429781 (pbk.)
020 _z1556429789 (pbk.)
020 _a9781617116926 (e-book)
040 _aCaPaEBR
_beng
_erda
_epn
_cCaPaEBR
035 _a(OCoLC)874967837
050 1 4 _aRE326.P7
_bP74 2012eb
082 0 4 _a617.7/1
_223
245 0 0 _aPterygium :
_btechniques and technologies for surgical success /
_cedited by John A. Hovanesian.
264 1 _aThorofare, NJ :
_bSLACK Incorporated,
_c[2012]
264 4 _c�2012
300 _a1 online resource (165 pages) :
_billustrations (some color)
336 _atext
_2rdacontent
337 _acomputer
_2rdamedia
338 _aonline resource
_2rdacarrier
504 _aIncludes bibliographical references.
520 _a"Pterygium: Techniques and Technologies for Surgical Success presents the latest advances in ocular surface surgery and new methods to overcome the traditional complications of pterygium surgery. Dr. John Hovanesian and his contributors address the shortcomings of conventional pterygium surgery through a detailed compilation of intraoperative and postoperative patient management. Delivering the latest breakthrough advances in the field, such as fibrin tissue adhesive and amniotic membrane transplantation, this resource presents the newest range of treatment therapies step-by-step. Pterygium: Techniques and Technologies for Surgical Success is an indispensible resource for ophthalmic surgeons, residents, fellows, and assisting staff who must keep up with the latest ocular procedures regarding pterygium surgery"--Provided by publisher.
588 _aDescription based on print version record.
590 _aElectronic reproduction. Palo Alto, Calif. : ebrary, 2013. Available via World Wide Web. Access may be limited to ebrary affiliated libraries.
650 0 _aPterygium
_xSurgery.
655 0 _aElectronic books.
700 1 _aHovanesian, John A.,
_d1967-
776 0 8 _iPrint version:
_tPterygium : techniques and technologies for surgical success.
_dThorofare, NJ : SLACK Incorporated, [2012]
_hxiv, 144 pages ; 26 cm
_z9781556429781
_w(OCoLC)ocn654313423
_w(DLC)10806019
797 2 _aebrary.
856 4 0 _uhttp://site.ebrary.com/lib/rucke/Doc?id=10806019
_zAn electronic book accessible through the World Wide Web; click to view
999 _c146930
_d146930